Smallest cities in Croatia - Statistics

General Stats
  • This quiz has been taken 297 times
    284 since last reset
  • The average score is 8 of 30
Answer Stats
Population City % Correct
4,239 Hvar
49%
3,950 Pag
40%
2,853 Cres
36%
2,752 Nin
36%
5,921 Delnice
35%
2,686 Stari Grad
35%
5,634 Korčula
34%
1,920 Vis
33%
5,528 Biograd na Moru
32%
1,509 Komiža
29%
3,672 Novalja
28%
5,019 Slunj
27%
4,096 Supetar
27%
5,127 Buje
25%
6,105 Buzet
25%
3,811 Čabar
22%
4,328 Novigrad
22%
5,131 Novi Vinodolski
21%
5,019 Vrbovsko
21%
2,159 Vrlika
21%
4,333 Obrovac
20%
3,264 Opuzen
20%
3,807 Skradin
20%
6,094 Zlatar
20%
5,289 Orahovica
19%
2,763 Hrvatska Kostajnica
17%
2,915 Klanjec
16%
4,568 Kraljevica
15%
6,124 Oroslavje
15%
5,727 Donja Stubica
13%
No matching quizzes found
Score Distribution
Percent of People with Each Score
Percentile by Number Answered
Your Score History
You have not taken this quiz since the last reset